000 00441nam a2200169Ia 4500
005 20250508154011.0
008 008 250505s9999 xx 000 0 ger d
037 _aBooks to be hide in OPAC
040 _aFEDL
_beng
_cFEDL
041 _ager
_2eng
084 _a370, GER/O
_qFEDL
245 0 _aDie deutsche demokratische schule
260 _c1955
300 _a109p.
942 _cHB
_h370, GER/O
999 _c1346949
_d1346949